Normal view MARC view

Entry Personal Name

Number of records used in: 1

001 - CONTROL NUMBER

  • control field: 1236141

003 - CONTROL NUMBER IDENTIFIER

  • control field: OSt

005 - DATE AND TIME OF LATEST TRANSACTION

  • control field: 20260430150007.0

008 - FIXED-LENGTH DATA ELEMENTS

  • fixed length control field: 260430|| aca||aabn | a|a d

040 ## - CATALOGING SOURCE

  • Original cataloging agency: OSt
  • Transcribing agency: OSt

100 ## - HEADING--PERSONAL NAME

  • Personal name: University of Delhi. Faculty of social Sciences. Deptt of Political Science

670 ## - SOURCE DATA FOUND

  • Source citation: Work cat.: (OSt)1848679: Singh Laishram Bidhanchandra Au.; Rajesh Dev Gu. 1236140, Nationalist Subject and Territorial Imaginaries: The Politics of Spcae in Northeast India, 2020
Copyright @ Delhi University Library System